000 01168nam0a22003011 4500
001 rc\3139987
005 20250530082732.0
021 _aRU
_b[75-31907]
035 _a(NLR Aleph) 007318130
090 _a5880937
_c5880937
100 _a20120615d1975 |||y0rusy50 ca
101 0 _arus
102 _aRU
105 _aa z |||||
200 1 _aРентгено-диагностика заболеваний гортани
210 _aЛенинград
_cМедицина. Ленингр. отд-ние
_d1975
215 _a239 с.
_cил.
_d20
225 1 _aБиблиотека практикующего врача
320 _aСписок лит.: с. 224-237
606 _aГортань
_xБолезни
_xДиагностика рентгенологическая
_2psbo
700 1 _aТихонов
_bК.Б.
_gКонстантин Борисович
701 1 _7ca
_8rus
_aРабинович
_bР. М.
_cд-р мед. наук, рентгенология
_gРевекка Марковна
_9225041
_3RU\NLR\AUTH\770225097
801 0 _aRU
_bNLR
_gpsbo
801 1 _aRU
_bELAR
_2rusmarc
852 _aNLR
_j75-3/2156
942 _cBOOK
980 _aNB